000 00593nam a22002177a 4500
003 UA-OsUOA
001 37505
007 ta
008 20070301b un ||||| |||| 00| 0 ukr d
090 _a94(477).15
942 _cBK
040 _aUA-OsUOA
_bukr
_cUA-OsUOA
_dUA-OsUOA
245 _aVIII Конгрес СКУ
_bЗвіти 1998-2003
300 _a251 с.
955 _a1
041 _aukr
080 _a94(477).15
260 _aКиїв
_bУкраїнський Дім
_c18-21 серпня 2003 р
650 7 _a9 Географія. Біографії. Історія
_2UDC
999 _c436029
_d436029